000 00718nam a2200229 a 4500
999 _c2967
_d2967
001 2967
003 BD-JhCC
005 20171108192937.0
008 171108s1997 bg |||| ||a| 000 0 ben d
020 _a9845551505
035 _a(BD-JhCC) 2967
040 _aBD-JhCC
_dBD-JhCC
041 _aben
082 _a891.44
_bMUN 1997
100 _aমুন্নী, শাহনাজ
245 _aনারী জাগরণ ও নজরুল -সাহিত্যে নারী /
_cশাহনাজ মুন্নী
260 _aঢাকা :
_bনজরুল ইন্সটিটিউট ,
_c1997
300 _a80 p .:
_c22 cm .
650 _aBengali literature
942 _2ddc
_cBK